000 00670nam a2200241Ia 4500
003 OSt
005 20220912144840.0
006 a|||||r|||| 00| 0
007 ta
008 220909b |||||||| |||| 00| 0 eng d
024 _a73577
037 _cTextual
040 _aCSL
_beng
_cCSL
041 _aeng
082 _aY172:351.431, J9 CL
100 _aVangly Do
245 0 _aStock and the shrimp:the claw of the golden turtle and other vietnamese tales
260 _aNew Delhi
_bSiddhartha
_c1959
300 _a110p.
_ccm.
650 _aPrimitives
942 _hY172:351.431, J9 CL
_cTEXL
_2CC
999 _c17146
_d17146